<?xml version="1.0" encoding="UTF-8"?>
<record
    xmlns:xsi="http://www.w3.org/2001/XMLSchema-instance"
    xsi:schemaLocation="http://www.loc.gov/MARC21/slim http://www.loc.gov/standards/marcxml/schema/MARC21slim.xsd"
    xmlns="http://www.loc.gov/MARC21/slim">

  <leader>00734nam a22002537a 4500</leader>
  <controlfield tag="005">20170123162351.0</controlfield>
  <datafield tag="010" ind1=" " ind2=" ">
    <subfield code="a">379855</subfield>
  </datafield>
  <datafield tag="020" ind1=" " ind2=" ">
    <subfield code="c">4.00</subfield>
  </datafield>
  <datafield tag="035" ind1=" " ind2=" ">
    <subfield code="a">379855</subfield>
  </datafield>
  <datafield tag="037" ind1=" " ind2=" ">
    <subfield code="b">Cen Lib/Ret</subfield>
  </datafield>
  <datafield tag="040" ind1=" " ind2=" ">
    <subfield code="a">DPL</subfield>
    <subfield code="b">UR</subfield>
  </datafield>
  <datafield tag="082" ind1=" " ind2=" ">
    <subfield code="a">270</subfield>
    <subfield code="b">&#x63A; &#x644; &#x627; </subfield>
  </datafield>
  <datafield tag="100" ind1=" " ind2=" ">
    <subfield code="a">&#x63A;&#x644;&#x627;&#x645; &#x631;&#x633;&#x648;&#x644; &#x645;&#x6C1;&#x631; </subfield>
    <subfield code="9">136557</subfield>
  </datafield>
  <datafield tag="245" ind1=" " ind2=" ">
    <subfield code="a">/ &#x633;&#x631;&#x648;&#x631;&#x650; &#x639;&#x627;&#x644;&#x645; </subfield>
    <subfield code="c">&#x63A;&#x644;&#x627;&#x645; &#x631;&#x633;&#x648;&#x644; &#x645;&#x6C1;&#x631; </subfield>
  </datafield>
  <datafield tag="246" ind1=" " ind2=" ">
    <subfield code="a">Saroor-e- alam</subfield>
    <subfield code="b">Gulam Rasool Maher</subfield>
  </datafield>
  <datafield tag="260" ind1=" " ind2=" ">
    <subfield code="a">&#x62F;&#x6C1;&#x644;&#x6CC;</subfield>
    <subfield code="b">&#x686;&#x645;&#x646; &#x646;&#x6A9; &#x688;&#x67E;&#x648; </subfield>
  </datafield>
  <datafield tag="270" ind1=" " ind2=" ">
    <subfield code="b">&#x62F;&#x6C1;&#x644;&#x6CC;</subfield>
    <subfield code="a">&#x627;&#x631;&#x62F;&#x648; &#x628;&#x627;&#x632;&#x627;&#x631; </subfield>
    <subfield code="e">110006</subfield>
  </datafield>
  <datafield tag="300" ind1=" " ind2=" ">
    <subfield code="a">256p.</subfield>
    <subfield code="c">23cm(Hb)</subfield>
  </datafield>
  <datafield tag="650" ind1=" " ind2=" ">
    <subfield code="a">&#x645;&#x630;&#x6C1;&#x628; </subfield>
    <subfield code="v"> </subfield>
    <subfield code="9">136558</subfield>
  </datafield>
  <datafield tag="650" ind1=" " ind2=" ">
    <subfield code="a">&#x627;&#x633;&#x644;&#x627;&#x645;  </subfield>
    <subfield code="9">136559</subfield>
  </datafield>
  <datafield tag="650" ind1=" " ind2=" ">
    <subfield code="a">Religion</subfield>
    <subfield code="9">136560</subfield>
  </datafield>
  <datafield tag="650" ind1=" " ind2=" ">
    <subfield code="a">Islam</subfield>
    <subfield code="9">5289</subfield>
  </datafield>
  <datafield tag="942" ind1=" " ind2=" ">
    <subfield code="2">ddc</subfield>
    <subfield code="c">UR</subfield>
    <subfield code="h">841.08</subfield>
    <subfield code="m">&#x63A; &#x627; &#x644;</subfield>
  </datafield>
  <datafield tag="999" ind1=" " ind2=" ">
    <subfield code="c">109248</subfield>
    <subfield code="d">109248</subfield>
  </datafield>
  <datafield tag="952" ind1=" " ind2=" ">
    <subfield code="0">0</subfield>
    <subfield code="1">0</subfield>
    <subfield code="4">0</subfield>
    <subfield code="7">0</subfield>
    <subfield code="a">L</subfield>
    <subfield code="b">L</subfield>
    <subfield code="d">2016-02-27</subfield>
    <subfield code="e">Cen Lib/Ref</subfield>
    <subfield code="g">4.00</subfield>
    <subfield code="l">0</subfield>
    <subfield code="o">270 &#x63A; &#x644; &#x627; </subfield>
    <subfield code="p">379855</subfield>
    <subfield code="r">2016-02-27 00:00:00</subfield>
    <subfield code="t">1</subfield>
    <subfield code="v">4.00</subfield>
    <subfield code="w">2016-02-27</subfield>
    <subfield code="y">UR</subfield>
  </datafield>
</record>
